000 00555nam a2200217Ia 4500
003 OSt
005 20220928144849.0
006 a|||||r|||| 00| 0
007 ta
008 220927b |||||||| |||| 00| 0 eng d
024 _a76463
037 _cTextual
040 _aSDCL
_cSDCL
_beng
041 _2eng
_aeng
082 _aX:54:(Z,345).1'N8, M4
100 _aDe Rody Frans P
_9510003
245 0 _aDocumentary credits.
260 _c1984
942 _hX:54:(Z,345).1'N8, M4
_cTEXL
_2CC
999 _c830003
_d830003